Základné otázky konštituovania Európskeho správneho práva

Vymedzenie pojmu Európsky správny priestor a Európske správne právo. Piliere Európskeho správneho práva. Pozícia Rady Európy v Európskom správnom priestore a jej vplyv na formovanie Európskeho správneho práva. Európske spoločenstvá a Európska únia v kontexte formovania Európskeho správneho práva.

Gespeichert in:
Bibliographische Detailangaben
1. Verfasser: Gogová, Mária
Format: Buchkapitel
Sprache:Slowakisch
Schlagworte:
Tags: Tag hinzufügen
Keine Tags, Fügen Sie das erste Tag hinzu!

MARC

LEADER 00000naa$a2200000$$$4500
001 0067144
005 20231106082231.6
041 0 |a slo 
044 |a SK 
245 1 0 |a Základné otázky konštituovania Európskeho správneho práva  |c Mária Gogová 
520 |a Vymedzenie pojmu Európsky správny priestor a Európske správne právo. Piliere Európskeho správneho práva. Pozícia Rady Európy v Európskom správnom priestore a jej vplyv na formovanie Európskeho správneho práva. Európske spoločenstvá a Európska únia v kontexte formovania Európskeho správneho práva. 
610 2 0 |a právo správne 
610 2 0 |a Európska únia 
610 2 0 |a správa verejná 
610 2 0 |a Európske spoločenstvá 
610 2 0 |a Rada Európy 
100 1 |a Gogová, Mária